Scholze, Dietrich. Stawizny serbskeho pismowstwa 1918 - 1945. - Budyšin : Ludowe Nakł. Domowina. - 1998 [Rezension]

Titel: Scholze, Dietrich. Stawizny serbskeho pismowstwa 1918 - 1945. - Budyšin : Ludowe Nakł. Domowina. - 1998 [Rezension]
Verfasser:
In: Sorbisches Institut: Lětopis, Band 46, Heft 2 (1999), Seite 116-121
alle Artikel anzeigen
Veröffentlicht: 1999
Format: Aufsatz
Sprache: Deutsch
Kein Bild verfügbar
X
alg: 39483307
001A    $01999:12-11-16 
001B    $01999:03-08-21 $t21:03:46.000 
001D    $01999:12-11-16 
001U    $0utf8 
001X    $00 
002@    $0Aox 
003@    $0394833074 
007A    $0394833074 $aHEB 
007T    $0Herd50144 
010@    $ager 
011@    $a1999 
021A    $aScholze, Dietrich. Stawizny serbskeho pismowstwa 1918 - 1945. - Budyšin : Ludowe Nakł. Domowina. -  1998 [Rezension] 
028A    $aPrunitsch $dChristian 
031A    $d46 $e2 $h116-121 $j1999 
039B    $aIn $8--Abvc--Sorbisches Institut [Tb1]. Lětopis. - Bautzen : Domowina-Verl., 1992-. - ISSN 0943-2787 $x199900000460002884 $9048608750 
039T    $8--Aau--Scholze, Dietrich$Z1950- [Tp1]. Stawizny serbskeho pismowstwa 1918 - 1945. - 1. nakł.. - Budyšin : Ludowe Nakł. Domowina, 1998. - 256 S.. - Ill.. - ISBN 3-7420-1761-6 $9071621776 
045F    $a900.9438 $eDDC23BSB 
045F/01 $a900 
045F/03 $g438 
045F/03 $g4385 
045T    $a10 $a8,1 $a9,10 

lok: 39483307 78

exp: 39483307 78 1 #EPN
201B/01 $018-11-16 $t12:53:01.000 
201U/01 $0utf8 
203@/01 $079113167X 
208@/01 $a12-11-16 $be 
209A/01 $a/ $f000 $x00 
220C/01 $aTitelaufnehmer: jk 
244Z/01 $2Trx $#Silesia $#Śląsk $#Sliezsko $#Slezsko $8--Trx--Schlesien $x01 $9391173987 
244Z/01 $2Trx $#Poola $#Lenkija $#Polija $#Polen Land $#Poland $#Lengyelország $#Poľsko $#Polsko $8--Trx--Polska$gkraj $x02 $9391345966 
244Z/01 $2Trx $#arvustused $#recenzijos $#Reviews $#recenziók $#recenzje $#recenzie $#recenze $8--Trx--Rezensionen $x03 $9391357441 
247C/01 $82080>Marburg/Lahn, Herder-Institut, Forschungsbibliothek, Bibliographieportal $9336309341
LEADER 00000caa a22000002c 4500
001 394833074
003 DE-603
005 20210803210346.0
007 tu
008 161112s1999 xx |||| | u00||u|ger c
035 |a (DE-599)HEB394833074 
040 |a DE-603  |b ger  |c DE-603  |d DE-603 
041 |a ger 
082 0 4 |8 1\u  |a 900.9438  |q DE-101  |2 23/BSB 
084 |a 10  |a 8,1  |a 9,10  |2 ssgn 
085 |8 1\u  |b 900 
085 |8 1\u  |z 2  |s 438 
085 |8 1\u  |z 2  |s 4385 
100 1 |a Prunitsch, Christian 
245 0 0 |a Scholze, Dietrich. Stawizny serbskeho pismowstwa 1918 - 1945. - Budyšin : Ludowe Nakł. Domowina. - 1998 [Rezension] 
264 0 |c 1999 
773 0 8 |i In  |a Sorbisches Institut  |t Lětopis  |d Bautzen : Domowina-Verl., 1992-  |h 24 cm  |x 0943-2787  |g Band 46, Heft 2 (1999), Seite 116-121  |w (DE-603)048608750  |w (DE-600)1116990-4 
787 0 8 |i Rezension von  |a Scholze, Dietrich, 1950-  |t Stawizny serbskeho pismowstwa 1918 - 1945  |b 1. nakł.  |d Budyšin : Ludowe Nakł. Domowina, 1998  |h 256 S., Ill.  |z 3742017616  |w (DE-603)071621776 
924 0 |9 2080  |a (DE-603)79113167X  |b DE-2080  |c HES  |d d  |g /